The literary profession in the Elizabethan age.

Saved in:
Bibliographic Details
Main Author: Sheavyn, Phoebe Anne Beale
Format: Book
Language:English
Published: Manchester : University Press, 1909.
Subjects:
LEADER 00820nam a2200217ra 4500
001 c000369752
003 CARM
005 00000000000000.0
008 851211s1909 enk 00000 eng d
019 1 |a 4176789  |z 23810900  |5 LACONCORD2021 
035 |a (OCoLC)1213127  |5 LACONCORD2021 
100 1 |a Sheavyn, Phoebe Anne Beale. 
245 1 4 |a The literary profession in the Elizabethan age. 
260 |a Manchester :  |b University Press,  |c 1909. 
300 |a 222 p. 
600 1 0 |a Shakespeare, William,  |d 1564-1616  |x Contemporary England. 
650 0 |a Authors, English. 
650 0 |a Authorship. 
852 8 |b CARM  |h A1:AM23B0  |i B09566  |p 0433825  |f BK 
999 f f |i be51a1d3-c5b7-5433-a989-9c7cf4ec97c5  |s 0bca4bbe-5d7e-5bd6-93f6-389f1b3a4b14 
952 f f |p Can circulate  |a CAVAL  |b CAVAL  |c CAVAL  |d CARM 1 Store  |e B09566  |f A1:AM23B0  |h Other scheme  |i book  |m 0433825